| 000 | 00381nam a2200085Ia 4500 | ||
|---|---|---|---|
| 008 | 160715s9999 xx 000 0 und d | ||
| 245 | _aLetting their feet do the talking: A music video competition gets students to ‘tell stories from below’ | ||
| 260 |
_bPhilippine Daily Inquirer _cOctober 12, 2013 |
||
| 856 | _uhttp://lifestyle.inquirer.net/130809/letting-their-feet-do-the-talking | ||
| 999 |
_c297738 _d297738 |
||